000
00306nam a2200121Ia 4500
008
231106s2009 xx 000 0 und d
041
_a
eng
082
_a
758.4
100
_a
DAVID WEBB
245
_a
STILL LIFE IN WATERCOLOUR STEP BY STEP LEISURE ARTS 27
260
_b
SEARCH PRESS
_c
2009
300
_a
P-48
999
_c
920473
_d
920473